Preventívna medicína

Bibliographic Details
Main Authors: Bátora, V. (Author), Rosival, Ladislav, 1924-2016 (Author), Zikmund, Vladislav, 1925- (Author)
Format: Article
Language:Slovak
ISSN:0002-1830
Subjects:

MARC

LEADER 00000nab a2200000 a 4500
001 vtls000508200
003 SK-MaSNL
005 20260304100142.0
008 250425c1994 xo 0 slo
015 |a SNBRB19rr/mm-uuuuu 
035 |a CL0508338 
035 |a urn:nbn:sk:snk-abbo4o 
035 |a (urnnbn)urn:nbn:sk:snk:ar-008jcm 
035 |a (uuid)1f66679d-6d44-4286-8a1b-3f1533d2f63f 
040 |a SNKBUCL  |b slo  |c SNKBUCL  |e AACR2 
041 0 |a slo 
044 |a xo  |c SK 
080 |a 616-084  |2 1981 
100 1 |a Bátora, V.  |4 aut  |9 1123823 
245 1 0 |a Preventívna medicína  |c V. Bátora 
650 0 7 |a preventívna medicína  |2 snkbucl  |9 915 
655 7 |a články z novín a časopisov  |2 snkbucl  |9 267496 
700 1 |a Rosival, Ladislav,  |d 1924-2016  |4 aut  |9 209712 
700 1 |a Zikmund, Vladislav,  |d 1925-  |4 aut  |9 150571 
773 0 |t Agrochémia  |g Roč. 34, č. 1 (1994), s. 23-24  |x 0002-1830 
787 0 8 |i Rec.:  |a Rosival, Ladislav  |t Preventívna medicína  |d Martin : Osveta, 1992 
850 |a Slovenská národná knižnica 
852 |a Slovenská národná knižnica 
954 |a odborná, vedecká literatúra pôvodná (slovenská)  |2 lita 
958 |a article15 
958 |a OND 
958 |a RK 
958 |a MI 
958 |a EUIPO 
992 |a RBX 
999 |c 2836406  |d 2838336